000 01533cam a2200409 a 4500
001 14400286
003 OSt
005 20140310182702.0
008 060605s2007 njua 000 0 eng
010 _a 2006018471
015 _aGBA6A6219
_2bnb
016 7 _a013629560
_2Uk
020 _a0764135627
020 _a9780764135620
035 _a(OCoLC)ocm70061024
035 _a(OCoLC)70061024
040 _aDLC
_cDLC
_dYDX
_dBAKER
_dBTCTA
_dUKM
_dYDXCP
_dDLC
050 0 0 _aPE 1128
_b.St912 2007
082 0 0 _aM 428.0071
_222
_bS885 2007
100 1 _aStrausser, Jeffrey.
245 1 0 _aPainless English for speakers of other languages
_cStrausser, Jeffrey
260 _aHauppauge, N.Y.
_bBarron's Educational Series
_cc2007
300 _axii, 273 p.
_bill.
_c23 cm.
521 _aCollege student
526 _c1210L to 1700L
541 _j1
562 _e for circulation. 1copy available in the collection
650 0 _aEnglish language
_xStudy and teaching
_xForeign speakers.
650 0 _aMiddle school students
_xLanguage.
650 0 _aEnglish language
_vTextbooks for foreign speakers.
700 1 _aPaniza, Jose.
856 4 1 _3Table of contents only
_uhttp://www.loc.gov/catdir/toc/ecip0615/2006018471.html
856 4 2 _3Publisher description
_uhttp://www.loc.gov/catdir/enhancements/fy0701/2006018471-d.html
906 _a7
_bcbc
_corignew
_d1
_eecip
_f20
_gy-gencatlg
942 _2lcc
_cBK
_kM
999 _c15176
_d15176